| 000 -ლიდერი |
| ფიქსირებული სიგრძის საკონტროლო ველი |
01103nam a22002057a 4500 |
| 003 - საკონტროლო ნომრის იდენტიფიკატორი |
| საკონტროლო ველი |
Ge_BSU |
| 005 - ბოლო ოპერაციის თარიღი და დრო |
| საკონტროლო ველი |
20250307161112.0 |
| 008 - ფიქსირებული სიგრძის მონაცემთა ელემენტები - ზოგადი ინფორმაცია |
| ფიქსირებული სიგრძის საკონტროლო ველი |
250307s1988 ge ||||| |||| 00| 0 geo d |
| 041 ## - ენის კოდი |
| Language code of text/sound track or separate title |
geo |
| 080 ## - უნივერსალური ათობითი კლასიფიკაციის ინდექსი |
| Universal Decimal Classification number |
616.12-005.4 ყ-56 |
| 100 ## - მთავარი ჩანაწერი - პიროვნების სახელი |
| Personal name |
ყიფშიძე, ნოდარ |
| 9 (RLIN) |
24486 |
| 245 ## - ცნობა სათაურის შესახებ |
| Title |
პროფილაქტიკა და აღდგენითი თერაპია გულის იშემიური დაავადების დროს / |
| Statement of responsibility, etc |
ნოდარ ყიფშიძე, გ. მეგრელიშვილი, ნ. მურმანიშვილი. |
| 264 ## - წარმოების, გამოცემის, დისტრიბუციის და სხვა ცნობები |
| გამოცემის, წარმოების, დისტრიბუციის... ადგილი |
თბილისი : |
| გამოცემის, წარმოების, დისტრიბუციის... სახელწოდება |
საბჭ. საქართველო, |
| გამოცემის, წარმოების, დისტრიბუციის... თარიღი |
1988. |
| 300 ## - ფიზიკური აღწერა |
| Extent |
209 გვ. ; |
| Other physical details |
21 სმ. |
| 653 ## - INDEX TERM--UNCONTROLLED |
| Uncontrolled term |
გულის იშემიური დაავადებები |
| 653 ## - INDEX TERM--UNCONTROLLED |
| Uncontrolled term |
აღდგენითი თერაპია |
| 700 ## - ADDED ENTRY--PERSONAL NAME |
| Personal name |
მეგრელიშვილი, გ. |
| Relator term |
ავტორი |
| 9 (RLIN) |
24487 |
| 700 ## - ADDED ENTRY--PERSONAL NAME |
| Personal name |
მურმანიშვილი, ნ. |
| Relator term |
ავტორი |
| 9 (RLIN) |
24488 |
| 942 ## - ADDED ENTRY ELEMENTS (KOHA) |
| Source of classification or shelving scheme |
|
| Koha item type |
წიგნი |